000 00303nam a22001337a 4500
003 OSt
005 20250620104025.0
007 201 PAGES
008 250620b |||||||| |||| 00| 0 eng d
040 _c
245 _aIS 302 (PART 1):2024
_cB.I.S
260 _bINDIAN STANDARDS
_c2024
942 _2ddc
_cRB
_n0
999 _c36233
_d36233